000 00379cam a22001097a 4500
008 180718b xxu||||| |||| 00| 0 eng d
082 _aTo68x54/In2/8
245 _aNational sample survey: report
_cby Department of Economic Affairs, Ministry of Finance
260 _aDelhi
_bGovernment of India
_c
300 _a102p
700 _aIndia. Ministry of Finance. Department of Economic Affairs
999 _c496769
_d496769